000 01051nam a2200265Ia 4500
003 OSt
005 20220923211007.0
006 a|||||r|||| 00| 0
007 ta
008 220922b |||||||| |||| 00| 0 hin d
020 _a8170167566 (hbk)
_c200
024 _a235,759
037 _b422, 28/02/2008, University Book House
_cTextual
040 _aARTS
_cARTS
_bhin
041 _2hin
_ahin
082 _aO152,1v, P6
100 _aटंडन, पूरनचंद; विनीता कुमारी
_9156934
245 0 _aहिन्दी कविता का प्रवृत्तिगत इतिहास
246 _aHindī kavitā kā pravṛuttigat itihāsa
260 _aनई दिल्ली
_b किताबघर
_c2006
300 _a240पृ.
_ccm.
650 _aहिन्दी साहित्य
_9156264
942 _hO152,1v, P6
_cTEXL
_2CC
999 _c293639
_d293639